Educational technology (Record no. 194078)
[ view plain ]
| 000 -LEADER | |
|---|---|
| fixed length control field | 00382nam a2200157Ia 4500 |
| 005 - DATE AND TIME OF LATEST TRANSACTION | |
| control field | 20250421141117.0 |
| 008 - FIXED-LENGTH DATA ELEMENTS--GENERAL INFORMATION | |
| fixed length control field | 231217s9999 xx 000 0 und d |
| 020 ## - INTERNATIONAL STANDARD BOOK NUMBER | |
| International Standard Book Number | 9788126120413 |
| 082 ## - DEWEY DECIMAL CLASSIFICATION NUMBER | |
| Classification number | 370 TAR;1 R |
| 100 ## - MAIN ENTRY--PERSONAL NAME | |
| Personal name | Tara Chand. |
| 245 #0 - TITLE STATEMENT | |
| Title | Educational technology |
| 260 ## - PUBLICATION, DISTRIBUTION, ETC. (IMPRINT) | |
| Date of publication, distribution, etc. | 1990 |
| Name of publisher, distributor, etc. | Anmol Publ. |
| Place of publication, distribution, etc. | New Delhi |
| 300 ## - PHYSICAL DESCRIPTION | |
| Extent | vi, 416 |
| 650 ## - SUBJECT ADDED ENTRY--TOPICAL TERM | |
| Topical term or geographic name as entry element | Educational |
| 942 ## - ADDED ENTRY ELEMENTS (KOHA) | |
| Koha item type | Books |
| Date last seen | Total Checkouts | Full call number | Accession number | Old discount | Price effective from | Category | Public note | Lost status | Damaged status | Department | Withdrawn status | bill date | Permanent Location | Current Location | Shelving location | Entry date | Grants | Currency symbol | Conversion rate | Discount | Discount type |
|---|---|---|---|---|---|---|---|---|---|---|---|---|---|---|---|---|---|---|---|---|---|
| 26/01/2024 | 370 TAR;1 R | 82653 | 26/01/2024 | Books | Donated By Education Library | Central Library | 23/11/2017 | Central Library | Central Library | Central Library | 28/12/2012 | DONATED | RS | 1 | Rupees | ||||||
| 26/01/2024 | 370 TAR;2 R1 | 82654 | 26/01/2024 | Books | Donated By Education Library | Central Library | 23/11/2017 | Central Library | Central Library | Central Library | 28/12/2012 | DONATED | RS | 1 | Rupees | ||||||
| 26/01/2024 | 370 TAR;3 | 83008 | 26/01/2024 | Books | Donated By Education Library | Central Library | 23/11/2017 | Central Library | Central Library | Central Library | 09/01/2013 | DONATED | RS | 1 | Rupees | ||||||
| 26/01/2024 | 370 TAR;4 | 83009 | 26/01/2024 | Books | Donated By Education Library | Central Library | 23/11/2017 | Central Library | Central Library | Central Library | 09/01/2013 | DONATED | RS | 1 | Rupees | ||||||
| 26/01/2024 | 370 TAR;5 | 86688 | 26/01/2024 | Books | Donated By Education Library | Central Library | 18/04/2022 | Central Library | Central Library | Central Library | 19/07/2013 | DONATED | RS | 1 | Rupees |
